| 000 | 00000nam 2200000za 4500 |
| 001 | 9.846892 |
| 003 | CaOODSP |
| 005 | 20250403110009 |
| 007 | cr ||||||||||| |
| 008 | 171109q1990 onck os f000 0 fre d |
| 040 | |aCaOODSP|bfre |
| 043 | |an-cn--- |
| 086 | 1 |aCS11-612/7PF-PDF |
| 245 | 00|aEnquête sociale générale - données préliminaires |h[ressource électronique] : |bcycle 4 : les études et le travail. |
| 260 | |a[Ottawa] : |bStatistique Canada, |c[1990?] |
| 300 | |a12, [17], 2, 23 p. : |bformulaires |
| 500 | |aPubl. aussi en anglais sous le titre : General Social Survey - preliminary data: cycle 4: education and work. |
| 500 | |aTitre de la couv. |
| 500 | |aNombreaux tableaux. |
| 500 | |aÉdition numérisée de l'imprimé [par Statistique Canada]. |
| 530 | |aÉgalement publ. en version imprimée. |
| 610 | 20|aEnquête sociale générale (Canada) |
| 692 | 07|2gccst|aMain-d'oeuvre |
| 692 | 07|2gccst|aÉducation / Enseignement |
| 692 | 07|2gccst|aStatistiques |
| 692 | 07|2gccst|aEnquête sociale |
| 710 | 2 |aStatistique Canada. |
| 775 | 08|tGeneral Social Survey - preliminary data |w(CaOODSP)9.846887 |
| 856 | 40|qPDF|s7.70 Mo|uhttps://publications.gc.ca/collections/collection_2017/statcan/CS11-612-7P-fra.pdf |
| 986 | |a11-612, no. 7P |